Dissolved / (Record no. 40378)

MARC details
000 -LEADER
fixed length control field 00685nam a22002057a 4500
005 - DATE AND TIME OF LATEST TRANSACTION
control field 2010080908068.0
010 ## - LCCN (DPL NO)
LC control number ENG-99006
020 ## - INTERNATIONAL STANDARD BOOK NUMBER
International Standard Book Number 9788184651126
Terms of availability 150.00
035 ## - SYSTEM CONTROL NUMBER
System control number EN-82538
037 ## - SOURCE OF ACQUISITION
Source of stock number/acquisition DBAD/PUB
082 ## - DEWEY DECIMAL CLASSIFICATION NUMBER
Classification number 180.49
100 ## - MAIN ENTRY--PERSONAL NAME
Personal name Sardana, Tarun
245 ## - TITLE STATEMENT
Title Dissolved /
Statement of responsibility, etc by Tarun Sardana
260 ## - PUBLICATION, DISTRIBUTION, ETC. (IMPRINT)
Place of publication, distribution, etc Delhi
Name of publisher, distributor, etc Vishal Kaushik Printers
Date of publication, distribution, etc 2009
270 ## - ADDRESS
Address Vishal Kaushik Printers
City Delhi
Postal code 110093
300 ## - PHYSICAL DESCRIPTION
Extent xi, 96p.
Dimensions 21cm (pbk)
500 ## - GENERAL NOTE
General note Includes glossary
942 ## - ADDED ENTRY ELEMENTS (KOHA)
Source of classification or shelving scheme Dewey Decimal Classification
Item type English Books
Classification part 181.49
Call number suffix SAR
Holdings
Withdrawn status Lost status Not for loan Collection code Home library Current library Date acquired Source of acquisition Cost, normal purchase price Full call number Barcode Copy number Cost, replacement price Koha item type
    Not For Loan Non-fiction D.B.Act.Division D.B.Act.Division 09/08/2010 DBAD/PUB 150.00 181.49 SAR EN-82538 1 150.00 English Books

© Delhi Public Library
Hit Counter
free hit counter